El arte de la divulgación : (Record no. 67271)

MARC details
000 -CABECERA
campo de control de longitud fija 00628nab a2200205 ab4500
005 - FECHA Y HORA DE LA ÚLTIMA TRANSACCIÓN
campo de control 20251110142411.0
008 - ELEMENTOS DE LONGITUD FIJA--INFORMACIÓN GENERAL
campo de control de longitud fija 991125d1999 mx qr p 000 spa d
003 - IDENTIFICADOR DEL NÚMERO DE CONTROL
campo de control
035 ## - NÚMERO DE CONTROL DEL SISTEMA
Número de control de sistema UPN01000075016
040 ## - FUENTE DE LA CATALOGACIÓN
Centro catalogador/agencia de origen MX-MxUPN
Lengua de catalogación spa
Centro/agencia transcriptor MX-MxUPN
Normas de descripción aacr
100 1# - ASIENTO PRINCIPAL--NOMBRE PERSONAL
Nombre de persona Paladini, Luigi
100 1# - ASIENTO PRINCIPAL--NOMBRE PERSONAL
Nombre de persona Pasinetti, Laura
245 13 - MENCIÓN DE TÍTULO
Título El arte de la divulgación :
Resto del título viaje por los libros de divulgación para niños y jovenes
650 #4 - ASIENTO SECUNDARIO DE MATERIA - TERMINO TEMATICO
Término de materia o nombre geográfico como elemento de entrada Libros y lectura para niños
9 (RLIN) 2290
773 ## - ENLACE AL DOCUMENTO FUENTE/ENTRADA DE REGISTRO ANFITRIÓN
Parte(s) relacionada(s) No. 54 (1999), p. 19-30
Título Libros de México
Número Internacional Normalizado para Publicaciones Seriadas 0186-2243
902 ## - ELEMENTOS DE DATOS B LOCAL, LDB (RLIN)
Modificó Leonor Sotres/101125
904 ## - ELEMENTOS DE DATOS D LOCAL, LDD (RLIN)
a AC
b 012827
905 ## - TIPO DE MATERIAL
Tipo de material Articulo
942 ## - ELEMENTOS DE PUNTO DE ACCESO ADICIONAL (KOHA)
Tipo de ítem Koha Artículo Impreso
Holdings
Estado de retiro Estado de pérdida Estado dañado No para préstamo Código de colección Localización permanente Ubicación/localización actual Ubicación en estantería Fecha de adquisición Total de préstamos Fecha visto por última vez Precio válido a partir de Tipo de ítem Koha
      Disponible (Préstamo en sala) Revistas Bib. Gregorio Torres Quintero Bib. Gregorio Torres Quintero Hemeroteca Sótano 10/11/2025   10/11/2025 10/11/2025 Artículo Impreso